Statistics for Countries of the World - Hardest Version

Click here to take the quiz!

General Stats

  • This quiz has been taken 127 times
  • The average score is 168 of 196

Answer Stats

HintHintHintCountry% Correct
mx151.0182.0Mexico
100%
us153129United States
100%
ca14366Canada
98%
bz180.9203.6Belize
97%
gt177.4210.0Guatemala
97%
cr192.0228.0Costa Rica
95%
sv180.4215.0El Salvador
95%
pa198232.5Panama
95%
cu206.0190.2Cuba
93%
bb246.5217.0Barbados
92%
dm242.4209.5Dominica
92%
ht218196Haiti
92%
hn184.5210.7Honduras
92%
ni188.2218.1Nicaragua
92%
lc243.2214.6Saint Lucia
92%
vc242.7216.8Saint Vincent and the
Grenadines
92%
tt242.5226.6Trinidad and Tobago
92%
ag241.4204.0Antigua and Barbuda
90%
br266294Brazil
90%
ec204.0265.5Ecuador
90%
fi43752Finland
90%
ie363.082.5Ireland
90%
jm206200.2Jamaica
90%
mt412.9141.1Malta
90%
no401.757Norway
90%
py248.9339.7Paraguay
90%
pt361.7127.6Portugal
90%
kn239.4203.4Saint Kitts and Nevis
90%
es372127.5Spain
90%
sr254.4248.1Suriname
90%
se414.360.5Sweden
90%
gb37786United Kingdom
90%
uy254.9370.2Uruguay
90%
ad384.0118.7Andorra
89%
ar234.0373.0Argentina
89%
bs209.0180.9Bahamas
89%
by443.481.2Belarus
89%
cl218384Chile
89%
co216.3247.5Colombia
89%
do221197Dominican Republic
89%
ee439.064.8Estonia
89%
de404.089.9Germany
89%
gd241.6220.6Grenada
89%
gy248242Guyana
89%
hu424.4103.1Hungary
89%
is34143Iceland
89%
il459.0157.0Israel
89%
jo462.3158.9Jordan
89%
xk427.5118.5Kosovo
89%
lv438.070.6Latvia
89%
mc397.2114.5Monaco
89%
pe208292Peru
89%
ru57752Russia
89%
sa482.1179.9Saudi Arabia
89%
sy467.0143.0Syria
89%
va408.5120.7Vatican City
89%
al425.5124.0Albania
87%
at414.2100.9Austria
87%
be391.091.0Belgium
87%
bo236.0319.0Bolivia
87%
hr418.0108.0Croatia
87%
cz414.093.8Czech Republic
87%
eg447.0171.3Egypt
87%
fr386105France
87%
it416.4124.2Italy
87%
ly419.3172.9Libya
87%
li402.0103.1Liechtenstein
87%
lt434.376.3Lithuania
87%
lu394.394.2Luxembourg
87%
nl39386.9Netherlands
87%
mk429.5121.7North Macedonia
87%
om509.33187.2Oman
87%
pl423.687.1Poland
87%
sm408.5113.9San Marino
87%
rs427.6113.0Serbia
87%
sk423.098.0Slovakia
87%
si413.0106.5Slovenia
87%
ch398.4103.5Switzerland
87%
au683.0342.0Australia
85%
bt584.1169.4Bhutan
85%
kh616.0219.1Cambodia
85%
cf427.6239.0Central African Republic
85%
cd433.0267.2Democratic Republic
of the Congo
85%
er466.3209.2Eritrea
85%
et470.0234.2Ethiopia
85%
fj782.9320.1Fiji
85%
gr430129Greece
85%
in556185.9India
85%
iq478.8149.9Iraq
85%
ke465.8259.9Kenya
85%
kw487.0162.9Kuwait
85%
la610.3194.9Laos
85%
lr359.2239.6Liberia
85%
nz776.7391.9New Zealand
85%
ne403.3203.9Niger
85%
ng398.0230.8Nigeria
85%
pk535.7164.2Pakistan
85%
qa495.7176.2Qatar
85%
ro436.7107.1Romania
85%
rw447.8267.7Rwanda
85%
sl354.0232.9Sierra Leone
85%
sd448.5209.5Sudan
85%
tm513.0130.6Turkmenistan
85%
tv785295.3Tuvalu
85%
ua450.696.0Ukraine
85%
ve232235Venezuela
85%
vn624.3219.9Vietnam
85%
af528.0149.2Afghanistan
84%
dz384.2167.2Algeria
84%
az487.6125.0Azerbaijan
84%
bh494.3174.0Bahrain
84%
bg437.8117.9Bulgaria
84%
td422.6209.4Chad
84%
cn615.0140.9China
84%
km479.4301.4Comoros
84%
cy455.3143.7Cyprus
84%
dk401.573.5Denmark
84%
dj476.4221.6Djibouti
84%
gm344216Gambia
84%
gh378.2234.5Ghana
84%
gn353.3224.2Guinea
84%
id635.5264Indonesia
84%
ir501.3152.5Iran
84%
ci368.0235.9Ivory Coast
84%
kz533.0100.0Kazakhstan
84%
kg548.0122.0Kyrgyzstan
84%
lb461.7146.8Lebanon
84%
mg486.0324.3Madagascar
84%
mw456.0307.0Malawi
84%
ml377202.2Mali
84%
mh760.6232.2Marshall Islands
84%
mu510.1329.1Mauritius
84%
md444.4102.0Moldova
84%
me423.7117.8Montenegro
84%
ma366.0153.5Morocco
84%
kp665.7127North Korea
84%
pg703.7282.4Papua New Guinea
84%
cg416.9260.5Republic of the Congo
84%
sn347212Senegal
84%
sc506.5276Seychelles
84%
kr669139South Korea
84%
ss449.6239.5South Sudan
84%
tj545.2133.5Tajikistan
84%
th608.0207.9Thailand
84%
tn401148Tunisia
84%
tr460.3130.6Turkey
84%
ug453.1256.6Uganda
84%
uz525122.5Uzbekistan
84%
vu759318.6Vanuatu
84%
ye488.3208.2Yemen
84%
zw447.0325.0Zimbabwe
84%
ao420.0301.2Angola
82%
bd583.0181.8Bangladesh
82%
bj385.7225.0Benin
82%
ba421.0113.0Bosnia and
Herzegovina
82%
bn638.6246.1Brunei
82%
tl664.3290.8East Timor
82%
fm717.7235.2Federated States of
Micronesia
82%
ls444.0360.5Lesotho
82%
mv545.9248.9Maldives
82%
mm597.0188.5Myanmar
82%
na418328Namibia
82%
pw680.5241.3Palau
82%
ph657220.6Philippines
82%
ws802.8307.7Samoa
82%
st395.5260.6São Tomé and Príncipe
82%
sg614.2256.7Singapore
82%
sb742.1295.0Solomon Islands
82%
za431365South Africa
82%
lk562235.3Sri Lanka
82%
tz459.1282.5Tanzania
82%
to798.1328.7Tonga
82%
ae502.0182.5United Arab Emirates
82%
zm438310Zambia
82%
bw435.0336.1Botswana
80%
bf377.0219.0Burkina Faso
80%
bi447.8272.6Burundi
80%
cm407.0247.0Cameroon
80%
cv326.7206.9Cape Verde
80%
gq404.0255.8Equatorial Guinea
80%
ga406.5264Gabon
80%
ge479120Georgia
80%
jp693.3140.0Japan
80%
ki21.0272.0Kiribati
80%
my610.3247.2Malaysia
80%
mr354195.5Mauritania
80%
mz467309.5Mozambique
80%
nr755264Nauru
80%
np569.8166.5Nepal
80%
so488230Somalia
80%
am480.5125.0Armenia
79%
gw347.7220.3Guinea-Bissau
79%
tw652.9182.1Taiwan
79%
tg383.0232.4Togo
79%
sz451.3350.1Eswatini
77%
mn614.2104.1Mongolia
75%

Score Distribution

Percentile by Number Answered

Percent of People with Each Score

Your Score History

You have not taken this quiz